|
|
|
|
| LEADER |
00774nta a2200193 i 4500 |
| 001 |
dokt467 |
| 005 |
20190704082336.0 |
| 008 |
100510s2005 hu om 0|| eng d |
| 024 |
7 |
|
|a 30730136
|2 mtmt
|
| 040 |
|
|
|a SZTE Doktori Repozitórium
|b hun
|
| 041 |
|
|
|a eng
|
| 100 |
1 |
|
|a Vezér Tünde
|
| 245 |
1 |
0 |
|a Experimental investigation of the behavioural toxicity of an environmental pollutant heavy metal, manganese
|h [elektronikus dokumentum] /
|c Vezér Tünde
|
| 260 |
|
|
|c 2005-12-19
|
| 502 |
|
|
|a Disszertacio
|
| 650 |
|
4 |
|a elméleti orvostudományok
|
| 700 |
1 |
|
|a Nagymajtényi László
|e ths
|
| 856 |
4 |
0 |
|u https://doktori.bibl.u-szeged.hu/id/eprint/467/2/de_3426.pdf
|z Dokumentum-elérés
|
| 856 |
4 |
0 |
|u https://doktori.bibl.u-szeged.hu/id/eprint/467/1/tz_eredeti3426.pdf
|z Dokumentum-elérés
|